Normal view
MARC view
- GUPTA, S.C
Entry Personal Name
001 - CONTROL NUMBER
- control field: 90176
003 - CONTROL NUMBER IDENTIFIER
- control field: NUST
005 - DATE AND TIME OF LATEST TRANSACTION
- control field: 20220302161325.0
008 - FIXED-LENGTH DATA ELEMENTS
- fixed length control field: 220302|| aca||aabn | a|a d
040 ## - CATALOGING SOURCE
- Original cataloging agency: NUST
- Transcribing agency: NUST
100 ## - HEADING--PERSONAL NAME
- Personal name: GUPTA, S.C
670 ## - SOURCE DATA FOUND
- Source citation: Work cat.: (NUST): GUPTA, S.C., FLUID MECHANICS AND HYDRAULIC /, 2006.
